載入...

YARN TEXTURING TECHNOLOGY

書目詳細資料
主要作者: HEARLE, J W S
格式: Printed Book
出版: NEW YORK CRC PRESS 2001
主題:
LEADER 00603nam a2200229 4500
020 |c 0.0 
082 |a 677.02862 HEA 
100 |a HEARLE, J W S 
245 |a YARN TEXTURING TECHNOLOGY  |h ENGLISH 
250
260 |a NEW YORK  |b CRC PRESS  |c 2001 
300
500 |a   
501 |a Reference 
538
590
630
650 |a YARN TEXTURING TECHNOLOGY 
700
942 |c REF 
999 |c 179756  |d 179756 
952 |0 0  |1 0  |4 0  |6 677_028620000000000_HEA  |7 0  |9 193119  |a AGY  |b AGY  |g 0.00  |l 0  |o 677.02862 HEA  |p AGY3965  |r 2019-10-25  |w 2019-10-25  |y REF